000 00596cam a22002053a 4500
001 43349
003 PGUSA
005 20140828084003.0
008 130729s2013||||xxu|||||s|||||000 | eng d
040 _aPGUSA
_beng
042 _adc
100 1 _aCuey-na-Gael, N.A.
245 1 3 _aAn Irishman's Difficulties with the Dutch Language
_h[electronic resource] /
_cN.A. Cuey-na-Gael
260 _bProject Gutenberg,
_c2013
506 _aPublic domain in the USA.
516 _aElectronic text
830 0 _aProject Gutenberg
_v43349
856 4 0 _uhttp://www.gutenberg.org/ebooks/43349
942 _cEB
999 _c272600
_d272600